El derecho penal estudiado en principios y en la legislación vigente de España / (Record no. 144528)

MARC details
000 -LEADER
campo de control de longitud fija 00606nam a2200193 4500
001 - NÚMERO DE CONTROL
campo de control 144528
003 - IDENTIFICADOR DE NÚMERO DE CONTROL
campo de control ES-MaACL
005 - FECHA Y HORA DE LA ÚLTIMA TRANSACCIÓN
campo de control 20250809035224.0
007 - CAMPO FIJO DE DESCRIPCIÓN FÍSICA--INFORMACIÓN GENERAL
campo de control de longitud fija t|
008 - DATOS DE LONGITUD FIJA--INFORMACIÓN GENERAL
campo de control de longitud fija 070214s1903 sp r ||||1| spa d
080 ## - NÚMERO DE LA CLASIFICACIÓN DECIMAL UNIVERSAL
Número de la Clasificación Decimal Universal 343(460)
100 1# - ENTRADA PRINCIPAL--NOMBRE DE PERSONA
Nombre de persona Silvela, Luis,
Fechas asociadas al nombre 1841-1903
9 (RLIN) 176140
245 13 - MENCIÓN DEL TÍTULO
Título El derecho penal estudiado en principios y en la legislación vigente de España /
Mención de responsabilidad, etc. Luis Silvela.
260 ## - PUBLICACIÓN, DISTRIBUCIÓN, ETC.
Lugar de publicación, distribución, etc. Madrid :
Nombre del editor, distribuidor, etc. [s.n.],
Fecha de publicación, distribución, etc. 1903 (
Fabricante Tip. de Ricardo Fe)
300 ## - DESCRIPCIÓN FÍSICA
Extensión 2 v. ;
Dimensiones 23 cm.
650 #4 - PUNTO DE ACCESO ADICIONAL DE MATERIA--TÉRMINO DE MATERIA
Término de materia o nombre geográfico como elemento de entrada Derecho penal-
Subdivisión geográfica España
9 (RLIN) 11752
852 4# - LOCALIZACIÓN
Ubicación ES-MaACL
Número de control de estantería F-15139-40
Holdings
Estatus retirado Estado de pérdida Estado de daño No para préstamo Biblioteca de origen Biblioteca actual Ubicación en estantería Fecha de adquisición Fuente de adquisición Total de préstamos Signatura topográfica completa Código de barras Visto por última vez Precio de reemplazo Tipo de ítem Koha
        Biblioteca del Ateneo de Madrid Biblioteca del Ateneo de Madrid Sala Pecera Planta 2 17/01/2008     F-15139-40 1150405 23/02/2023 23/02/2023 Libro impreso